00484 a2200169 450000100060000002000180000604000220002410000360004624000330008224500280011530000090014336200090015265000170016194200070017895201120018599900170029764165 a9788591081905 cAnchieta - Pituba aSouza, Sérgio Roberto Belleza10aCaminhando com walkyrialpor10aCaminhando com walkyria a257p0 a2010 4aEducação cBK 00104070a91.1b91.1d2023-11-21l0o200.71 S729c SOU CAMp17796/PITr2023-11-21 18:32:35w2023-11-21yBK c64165d64165